000 00351nam a2200145Ia 4500
003 OSt
005 20240102060330.0
008 170523s9999 xx 000 0 und d
020 _a9788126510962
040 _cIIMTU
100 _aMuller- Richard S.
245 0 _aDevice Electronics for Integrated Circuits
260 _aWiley India
942 _2ddc
_c02
999 _c12399
_d12399